[Event "Reykjavik Open"]
[Site "Reykjavik"]
[Date "2017.04.21"]
[Round "4.10"]
[White "Shirov, Alexei"]
[Black "Hambleton, Aman"]
[Result "0-1"]
[WhiteElo "2693"]
[BlackElo "2434"]
[Annotator "John Upper"]
[PlyCount "76"]
[EventDate "2017.??.??"]
[EventCountry "ISL"]
[WhiteClock "0:01:49"]
[BlackClock "0:01:22"]

1. e4 c5 $5 {Aman usually plays the French, but said he didn't want to face
some of Shirov's Winawer preparation.} 2. Nf3 e6 3. d4 cxd4 4. Nxd4 Nc6 5. Nc3
Qc7 6. Be3 a6 7. Qf3 {[#] The most popular move these days. White prepares to
castle long and has the strategic threat of Qg3, attacking g7 and fighting for
the central dark squares.} ({Historically,} 7. Qd2 {has been the most popular.}
Nf6 8. O-O-O Bb4 9. f3 O-O 10. Kb1 b5 11. g4 Bb7 12. g5 Nh5 13. a3 Be7 14. Nb3
$14 {1-0 (33) Hansen,E (2603)-Van Foreest,J (2612) Wijk aan Zee, 2017.}) 7...
Bd6 8. O-O-O Be5 9. g3 (9. Nxc6 {leads to a characteristic Sicilian ...e6
endgame where White hopes to exploit Black's lazy LSB and weaker dark squares.}
bxc6 10. Bd4 Nf6 (10... Bxd4 11. Rxd4 Nf6 12. Qg3 Qxg3 13. hxg3 d5 14. exd5
cxd5 $11 {1-0 (48) Shirov,A (2689)-Perunovic,M (2624) Reykjavik, 2015.}) 11.
Bxe5 Qxe5 12. Qg3 Qxg3 13. hxg3 d5 14. Be2 Ke7 (14... dxe4 15. g4 $14) 15. exd5
cxd5 16. g4 g5 17. Rh6 $14 {1-0 (36) Shirov,A (2673)-Ladva,O (2510) Puhajarve,
2016.}) 9... Nge7 10. Qe2 b5 11. f4 Bxd4 12. Bxd4 Nxd4 13. Rxd4 {[#]} Rb8 (
13... O-O 14. e5 Bb7 15. Bg2 Bxg2 16. Qxg2 {is similar to the game line, where
Black had played ...Rb8 instead of ...00, and so had the option of ...b4.} Nf5
17. Rd3 d5 18. g4 Ne7 19. Ne2 Rac8 20. Nd4 Qa5 21. Kb1 Nc6 {with a position
resembling a Steinitz French, but where Black is more comfortable for having
exchanged several pieces, especially the "French Bishop" which would be
blocked on b7; see: Leko,P (2693)-Ladva,O (2510) Tallinn (blitz), 2016.}) 14.
e5 $6 {Dominating the central dark squares and giving the Nc3 a square on e4
after ...b4 is totally natural, but it's strategically suspect since it
concedes two central light squares for Black's N.} (14. Qd2 b4 15. Na4 a5 16.
Rc4 Qa7 17. Qd4 Qxd4 18. Rxd4 Nc6 19. Rd2 Ke7 20. e5 Rd8 21. Bg2 Na7 $1 22.
Rhd1 Nb5 (22... Bb7 $2 23. Nc5 Bxg2 24. Rxd7+ $16) 23. Bc6 (23. Nc5 $1 $14)
23... d5 {½-½ (23) Motylev,A (2663)-Bosiocic,M (2602) Moscow, 2017.}) 14...
Bb7 15. Bg2 Bxg2 16. Qxg2 b4 17. Ne4 O-O $11 18. Rhd1 Nd5 {[#]White has a
terrific-looking outpost on d6, but Black has simpler and more direct play by
pushing on the queenside.} 19. Qf3 {After 30+ minutes of thought. The Nd5 is
holding together Black's position, so White would like to play Rxd5. It's
playable for White, but Black is fine after:} ({In the online post-mortem,
Aman said he knew the Black was OK if he pushes the a-pawn should White sac on
d5; e.g.} 19. Rxd5 $6 exd5 20. Nd6 a5 21. Qxd5 a4 {and Black keeps the
initiative.}) 19... a5 {Black offered White a draw here... which is not
allowed at Reykjavik, which uses the Sofia no-draws-before-move-30 rules.} 20.
Nd6 a4 {Threatening ...b3.} 21. a3 ({If} 21. Kb1 a3 $1 {and Black can get a
strong square on c3.}) 21... Qc5 22. axb4 Rxb4 23. Qa3 Rfb8 24. c3 $2 (24. Rxb4
Nxb4 25. Qxa4 Qe3+ 26. Kb1 Nd5 $17 {is similar to the game.}) 24... Qc6 $8 $17
25. Rxb4 Nxb4 $1 (25... Rxb4 $2 26. Rxd5 Rb3 $8 27. Rb5 $8 Qh1+ 28. Kc2 Qxh2+
29. Kc1 $13) 26. Kb1 Qf3 $17 (26... Na6 $1 $18) 27. Qxa4 Nd5 $8 $17 28. Nb5 $1
h5 $1 {[#] Eliminating back-rank dangers and so threatening ...Rxb5, and a
horrible position to play as White, especially when down to 2:40.} 29. c4 Nb6
$1 {Played with 23 seconds left.} 30. Qc2 Nxc4 $8 31. Rxd7 Ne3 {Played with 12
seconds left.} (31... Nxb2 {Also wins:} 32. Qxb2 Qf1+ 33. Ka2 Rxb5 $19 {
Material is equal, but White's K is a sitting duck.}) 32. Qd3 {Pinning the N
and threatening to swap on d8; played with 30 seconds left.} Qh1+ $8 $19 33.
Ka2 Nd5 $8 {Blocking the attack on d8 and threatening ...Nb4.} 34. Kb3 {
8 seconds left.} Qe1 {Threatening ...Qb4 or ...Qa5 and winning the N.} 35. Rxd5
exd5 36. Qxd5 Qa5 37. Kc4 Qa4+ 38. b4 Qa2+ {Exchanging Qs and winning the Nb5.
Shirov resigns.} 0-1

[Event "Reykjavik Open"]
[Site "Reykjavik"]
[Date "2017.04.22"]
[Round "5"]
[White "Hambleton, Aman"]
[Black "L'Ami, Erwin"]
[Result "1-0"]
[WhiteElo "2434"]
[BlackElo "2614"]
[Annotator "Aman Hambleton"]
[PlyCount "83"]
[EventDate "2017.??.??"]
[EventCountry "ISL"]

{[%mdl 32768] In Round 5 of the Reykjavik Open I was paired with White against
GM Erwin L'ami. His wife Alina L'ami is a well known ChessBase reporter and
was taking pictures throughout the event. When playing such strong players,
usually it's impossible to predict exactly which opening they will use - this
game was no exception.} 1. d4 f5 {I did not expect this opening from Erwin,
although he certainly plays it often enough. I assumed he would prefer the
Nimzo, considering one of the main lines I play against the Dutch in the
database involves playing h4!? very early, which not to everyone's taste as
Black.} 2. c4 Nf6 3. h4 {[#] I have never really fancied the main lines
against the Dutch, but just like the Grunfeld I believe the sidelines are
actually a lot more testing! This move dissuades Black from playing a setup
involving ...g6.} e6 (3... g6 4. h5 Nxh5 5. Rxh5 gxh5 6. e4 $14 {is already
better for White.}) 4. g3 {Claiming the long diagonal before Black can play ...
b6, ...Bb7 and attempt to prove that the move h4 has no particular benefit for
White.} d5 5. Bg2 Bd6 {[#]} 6. cxd5 {Anish Giri was giving his comments on
some of the ongoing games and afterward I noticed he mentioned that the
concept of h4 was not all that bad actually! However, he criticized cxd5
because White often wants to wait (e.g. with Qc2) until Black commits ...Nbd7
in order to play cxd5 when ...exd5 would lose the f5-pawn. Here, Black can
recapture with the e-pawn and he should be happy with that exchange.} (6. Nf3
O-O 7. Qc2 c6 8. O-O Nbd7 9. cxd5 cxd5 $14) 6... exd5 7. Nh3 O-O 8. Bf4 {
Trying to execute a positional concept of exchanging the dark squared Bishops
and trying to exploit the weakened dark squares in Black's camp.} Be7 $6 {
Although it's understandable Erwin wants to avoid this exchange, it may not
have been the wisest decision in hindsight, especially considering we
exchanged these Bishops later on anyway.} 9. O-O c6 10. Nd2 Ne4 (10... Qb6 11.
Nb3 a5 12. Qc2 Nbd7 13. Rac1 a4 14. Nc5 $13) 11. Nf3 {It's very important for
White to avoid trading pieces on the e4-square and instead focus his attention
on the e5, f4, and g5 squares.} Nd7 12. Nhg5 Ndf6 13. Ne5 Nxg5 {[#]} 14. Bxg5 (
14. hxg5 $1 {is actually a good option here, although it didn't seem very easy
to justify over the board.} Ne4 15. g6 h6 16. e3 $14 {and although this pawn
on g6 is very far up the board, it's not very easy for Black to target, and
meanwhile the Ne5 is dominating.}) 14... Ng4 15. Qd2 (15. Bxe7 Qxe7 16. Nd3 (
16. Nxg4 fxg4 $15 {is also better for Black with easy play on the e and
f-files and also the f5 square now available for the Bishop.}) 16... f4 $1 $17)
15... Nxe5 16. dxe5 a5 17. Bxe7 Qxe7 18. f4 Qb4 {[#] Now we reach the critical
position for the endgame. It was both the opinion of myself and my opponent
that although the position was surely equal, Black had more constructive ideas
involving some a4-a3 advance, ...Ra6-b6 to target my Queenside, or simply
supporting a well-timed ...c5 advance. We both completely misevaluated White's
chances!} 19. Rfd1 (19. Qxb4 axb4 20. a3 bxa3 21. Rxa3 Rxa3 22. bxa3 Be6 23.
Rb1 Rb8 24. a4 Bc8 $1 $11 {Black intends to bring his King to support his
Queenside pawns, meanwhile tying White down to passive defense of the isolated
a-pawn.}) 19... Ra6 20. a3 Qxd2 21. Rxd2 a4 22. Rc1 {[#] Putting pressure on
all of Black's Queenside pawns so they cannot easily advance. In hindsight, I
think that I was playing a bit too reactively, because I never started to
develop my own counterplay until much later. I could have started that
immediately with h5!} Be6 23. Rd4 Kf7 24. Rb4 Ra7 25. e3 Ke7 26. Bf3 Rfa8 27.
Kf2 Kd7 28. Be2 Kc7 {[#] After a long journey, Black has succeeded in bringing
his King over to the Queenside and now intends to advance his pawn mass and
hopefully pressure b2. It finally dawned on me that White doesn't merely have
counterplay on the Kingside, but in fact is essentially just winning.} 29. h5
$1 Ra5 30. Rd4 {Removing the Rook from the precarious b4 square where it can
be trapped in some lines after ...c5. This Rook will sit on d2 where it
protects White's only weakness (b2), while the other Rook supports the g4
advance.} (30. Rg1 c5 31. Rb5 Rxb5 32. Bxb5 c4 $17) 30... b6 31. Rd2 Rc5 $6 {
[#] Black is trapping his own Rook without realizing it.} 32. Rg1 $1 {Now I
felt as though I was winning by force over the board, or at least Black would
have to commit himself to the most passive defense possible.} Rf8 33. g4 Rf7 (
33... g6 34. Kg3 $16 {intending Kh4-g5.}) 34. Bd3 $1 fxg4 35. Bxh7 Rf8 36. Kg3
{Stepping off the f-file and away from some tactics involving ...d4. Now the
threat, which is hard to stop, is f5 and if ...Bxf5 White has Rf1 utilizing
the pin. This tactic enables White to keep the initiative.} (36. Bc2 d4 $132 {
is still winning, but certainly not the type of counterplay White needs to
allow.}) 36... Rb5 {[#]} 37. f5 Rb3 38. fxe6 Rxe3+ 39. Kh4 (39. Kxg4 Rxe5 40.
Kh4 Rf4+ {is slightly less accurate.}) 39... Rxe5 40. Rxg4 Rxe6 41. Rxg7+ Kd6
42. Rg6 {White will trade the Rooks and use his extra piece to help promote
the extra passed h-pawn. Black resigned with the end very near. This game was
an interesting example of how important objectivity and psychology can be in
chess. Both my opponent and I were playing a position the computer believes to
be significantly better for White, yet we both had the understanding that
Black was pushing for a win! It is funny to think that I would have accepted a
draw at any point earlier in this game, while my opponent would have never
thought to offer one.} 1-0

[Event "Reykjavik Open"]
[Site "Reykjavik"]
[Date "2017.04.24"]
[Round "7"]
[White "Hambleton, Aman"]
[Black "Ramirez, Alejandro"]
[Result "1-0"]
[WhiteElo "2434"]
[BlackElo "2555"]
[Annotator "Aman Hambleton"]
[PlyCount "115"]
[EventDate "2017.??.??"]
[EventCountry "ISL"]

{[%mdl 32768] In round 7 of the Reykjavik Open I was paired against a friend
of mine, GM Alejandro Ramirez. It's never easy to play against people you know
very well, and certainly not in a situation where you have to play for a norm!
I didn't know exactly what to expect, but my main goal in the opening was not
to allow any dangerous preparation.} 1. d4 d6 2. e4 {I was not sure if
Alejandro had prepared against 2. e4 because he stopped to think in this
position. I had just played a game against a strong GM at the GRENKE Chess
Open just prior to Reykjavik, which continued 2...Nf6 3.f3 e5 4.dxe5. I
managed to get a nice opening advantage, although the game ended in a draw.} g6
3. c4 Bg7 4. Nc3 Nc6 {Instead, ...Nf6 just transposes to the main lines of the
KID. The reason for delaying the development of Ng8 is to allow for sidelines
like ...Nge7 or a quick e5/f5 advance.} 5. Be3 e5 6. d5 (6. Nge2 exd4 7. Nxd4
Nge7 8. Be2 O-O 9. Qd2 $14 {is another variation altogether.}) 6... Nce7 (6...
Nd4 7. Nge2 Nxe2 8. Bxe2 f5 9. exf5 {Black cannot recapture with the g-pawn
because of Bh5+.} Bxf5 10. g4 Bd7 11. h4 $14) 7. Bd3 f5 8. f3 {[#] Since I
play the Saemisch KID, this structure was the most familiar to me.} Bh6 $5 {
The computer dislikes this move, although it is easy for a human to understand.
In exchange for misplacing the N on h6 and losing a few tempi, Black exchanges
off White's most powerful piece in the position and wants to lay claim to some
important dark squares.} (8... Nf6 9. Nge2 O-O 10. h3 $14 {was what I was
intending}) 9. Bxh6 Nxh6 10. Qd2 f4 11. Nge2 (11. h4 Nf7 12. O-O-O $14 {
would have been more accurate, since Black's Kingside expansion is delayed
quite a bit compared to the game. It felt a bit strange to disconnect my pawns
though -- I could not be sure that the h4 pawn would not be a target.}) 11...
g5 12. h3 Ng6 13. Nc1 {[#]} Nf7 (13... a5 {was the move that should have been
played. Alejandro told me after the game that he simply overlooked White's
idea of b4 a5 bxa5! allowing enough time for Nb3 and c5.} 14. Bc2 Bd7 15. Nd3
b6 16. O-O-O Ng8 $11) 14. b4 {Although not best according to the computer, we
both felt that this was an achievement for White, based on the following
forced sequence...} a5 15. bxa5 Rxa5 16. c5 $1 dxc5 17. Nb3 Ra8 18. Nxc5 O-O {
[#]} 19. Bc4 (19. Rc1 $11 {is given as best, but I don't find it clear where I
should put my King now. The Kingside looks very dangerous and the center will
not be safe forever.}) 19... Nd6 20. Bb3 {After stationing my Bishop on what I
believed to be the optimal square, I plan to play 0-0-0 and pressure along the
c-file while abandoning the Kingside altogether.} Qe7 21. O-O-O {[#] Strangely,
the computer seriously dislikes this move, but offers no resistance to the
plan I outlined above. I remain reasonably happy with this plan, despite the
evaluation.} Rf7 (21... Kh8 22. Kb1 b6 23. Nd3 Bd7 24. Rc1 $13) 22. Kb1 b6 23.
Nd3 (23. Ne6 $5 {looks too forward} Nf8 24. Nxf8 Rxf8 25. Rc1 Bd7 $11 {and I
would rather have an extra pair of N's on the board since White has more space.
}) 23... Bd7 24. Rc1 h5 {Naturally, Black needs to create some counterplay
with the g4 pawn break, because White has an easy plan to target c7 and slowly
manoeuvre his pieces to better positions.} 25. Nd1 {[#]} Bb5 (25... Nb5 {
takes advantage of the Nc3 finally giving up control of b5, and looks to head
to the d4 square. I think this sacrifice was critical.} 26. d6 Qxd6 27. Bxf7+
Kxf7 28. Nc3 Nd4 $17) 26. Nb4 {Not allowing the N to be exchanged!} g4 $2 {
A mistake. My opponent could feel the pressure on c7 as well as moves like Nc6
happening in the future and - likely out of panic - desperately tried to force
some counterplay.} 27. hxg4 (27. Nc6 Qg5 28. hxg4 hxg4 29. Nf2 g3 30. Ng4 Kg7 {
although winning, this did not seem as forcing as the line I chose in the game.
}) 27... hxg4 28. Nf2 g3 29. Ng4 Rh7 30. Nh6+ (30. Rxh7 Kxh7 31. Qc3 Rc8 32.
Nc6 Bxc6 33. Qxc6 $14 {Black still has a firm blockade on the dark squares -
not easy to penetrate.}) 30... Kg7 {[#]} 31. Nf5+ $1 {Beginning a forcing
variation, the only path to a clear advantage.} Nxf5 32. Rxh7+ Kxh7 33. exf5
Nh4 34. d6 (34. f6 $6 Qxf6 35. Rxc7+ Kh6 36. Bc2 Kg5 $13 {was incredibly messy.
}) 34... Qxd6 (34... cxd6 35. Qd5 {forks the Rook and Bishop,} Ra5 36. Qg8+ Kh6
37. Rh1 $18) 35. Qxd6 cxd6 36. Rh1 {Winning a piece, although Black has a few
last tricks involving the advanced g3-pawn combined with ...Bf1xg2.} Kg7 37.
Rxh4 Bf1 {[#]} 38. Nd5 {This was a difficult move to find in time trouble,
because I have to be sure that my f-pawn wins the game as I am giving up all
of my Kingside pawns for this!} ({editor - There's a study-like win here:} 38.
Rg4+ Kf6 $140 39. Rg6+ Kxf5 40. Bc2+ e4 41. Bxe4+ Ke5 42. Nc6#) 38... Bd3+ (
38... Bxg2 $2 39. f6+ Kg6 40. Bc2+ Kf7 41. Rh7+ Ke6 42. Be4 $18) 39. Kc1 $2 {
A weak move just before time control. With low time I didnt want to go into
any complications and assumed that the extra piece was winning easily. However,
simple calculation shows that Bc2 was a quicker win.} (39. Bc2 Bxc2+ 40. Kxc2
Rxa2+ 41. Kd3 Rxg2 42. f6+ Kf7 43. Rh7+ $18 {Queens the f-pawn very easily.})
39... Bxf5 {[#]} 40. Kd2 {I was trying to be too safe as I notched down my
40th move and took some deep breaths. I knew I was winning and, with this
being such an important game for my GM norm situation, I was definitely
feeling the pressure to convert.} (40. Nxb6 {should have been played as well.
The pawn is waiting to be captured!} Rb8 41. Nd5 Be6 42. Nxf4 $18) 40... b5 41.
Rh1 Ra7 42. Nc3 Ra5 43. Ne4 Ra7 44. Ke2 {After this move I strongly believed
that my opponent would resign, because I didnt see any options for Black other
than Bxe4. Trading pieces when you're down a piece already seemed as good as
resigning.} Bxe4 45. fxe4 Rc7 {[#] After this move, I had a long think because,
to my surprise, this position was not simple at all. I don't think I've ever
been up a clean piece and had so much trouble converting - certainly a credit
to my resilient and resourceful opponent.} 46. Rd1 Rc3 47. Kd2 (47. Rxd6 Re3+
48. Kd2 Rxe4 {looked like it was allowing too much counterplay with 3
connected pawns and the looming threat of f3 gxf3 g2.} 49. Bc2 Re3 50. Bd3 $18)
47... b4 48. Rb1 {Intending a3 or a4 because the Rook would be hanging on c3.}
Kf6 49. a3 (49. a4 f3 50. gxf3 g2 51. Bd5 $18 {was also winning}) 49... Re3 {
[#]} 50. a4 $1 {Now that the Rook is on e3, f3 is no longer possible and the
Rook also has a long way to travel to cover the a8-square.} (50. axb4 $5 Rxe4
51. b5 f3 $1 52. gxf3 Rb4 $11 {Black always had resources like this that were
scary to calculate.}) 50... d5 (50... Rxe4 51. a5 $18 {and funnily enough, the
Rook has trapped itself in the middle of the board.}) 51. Bxd5 Ra3 52. Bb3 Kg5
53. Kd3 f3 54. gxf3 Kf4 {[#]} 55. Kc4 {The final touch. Bb3 trapped the Black
Rook and now the King comes to collect all the material.} Kxf3 56. Kxb4 Rxa4+
57. Bxa4 Kxe4 58. Bc6+ {White has too much extra material and finally, after a
long fight and great resistance by Ramirez, I managed to secure the victory
and move to 5.5/7, just shy of the leaders. This game was definitely the most
nerve-wracking and intense to play, even though I had been playing opponents
rated much higher than 2550. Although my game against Shirov might have been
my best game, this game gave me the most personal satisfaction during the
tournament.} 1-0